000 00582nam a2200205Ia 4500
005 20230623104029.0
008 131103s9999 xx 000 0 und d
040 _aLoreto College
041 _aEnglish
082 _a942.03
_bMYE
100 _aMyers,A.R.
245 _aEngland in the late middle ages (137 - 1536)
_cA.R.Myers
260 _a[s.l.]
_bPenguin Books
_c[1951]
300 _aV.4 (xvi,264 p.)
440 _aThe Pelican History Of England
504 _aOne Volume In Three Parts
650 _aEngland -Medieval History 1307 - 1536
850 _aLCLIB
942 _cBK
999 _c8886
_d59365